00391nam a22001337a 450000500170000000800410001704100150005808200130007310000270008624500520011326000360016530000300020165000260023120240215082709.0240212b |||||||| |||| 00| 0 eng d aAfrikaans  a349 TYD  aVenter, F lAfrikaans  aTydskrif vir Hedendaagse Romeins-Hollandse Reg  aDurban : bButterworth, c1985  b253 - 378 pages c25 cm.  aLegal practice bLaw